| 000 | 00517nam a22001937a 4500 | ||
|---|---|---|---|
| 003 | OSt | ||
| 005 | 20250524142105.0 | ||
| 008 | 250513b |||||||| |||| 00| 0 eng d | ||
| 020 | _a9789394525689 | ||
| 040 | _cddc | ||
| 082 | _a610.73 | ||
| 100 | _aHarindarjeet Goyal | ||
| 245 |
_aTextbook of Nursing Foundations _bfor BSc Nursing Students |
||
| 250 | _a3rd | ||
| 260 |
_aNew Dehi _bCBS Publishers & Distributors _c2025 |
||
| 650 | 0 |
_aPhysiotherapy _vPhysiotherapy _xNursing |
|
| 942 |
_cBK _2ddc |
||
| 999 |
_c249056 _d249056 |
||